| Tag |
First Indicator |
Second Indicator |
Subfields |
| LEADER |
00000cam a2200000 4500 |
| 001 |
in00000024881 |
| 005 |
20151007055636.0 |
| 008 |
740222s1967 enkaf 00010 eng d |
| 010 |
|
|
|a 67111278
|
| 035 |
|
|
|a (OCoLC)00812376
|
| 035 |
|
|
|9 AAB8810AM
|
| 040 |
|
|
|a MIA
|c MIA
|d TXA
|d UtOrBLW
|
| 041 |
0 |
|
|a eng
|a ita
|
| 049 |
|
|
|a TXAM
|c [A09496491]
|
| 050 |
|
0 |
|a NA2620
|b .L58 1967
|
| 082 |
0 |
|
|a 720/.942
|
| 100 |
1 |
|
|a Lewis, James
|c (Architect)
|
| 245 |
1 |
0 |
|a Original designs in architecture.
|
| 264 |
|
1 |
|a Farnborough (Hants.) :
|b Gregg P.,
|c 1967.
|
| 300 |
|
|
|a 37 unnumbered pages :
|b 63 plates (including plans). ;
|c 47 cm.
|
| 336 |
|
|
|a text
|b txt
|2 rdacontent
|
| 337 |
|
|
|a unmediated
|b n
|2 rdamedia
|
| 338 |
|
|
|a volume
|b nc
|2 rdacarrier
|
| 500 |
|
|
|a Parallel English and Italian text, Various paging. Fascimile reprint in one volume of 1st edition, 2 volumes, London, J. Lewis, 1780-1797.
|
| 650 |
|
0 |
|a Architecture
|v Designs and plans.
|
| 650 |
|
0 |
|a Architecture
|z Great Britain.
|
| 999 |
|
|
|a MARS
|
| 999 |
f |
f |
|s f370812d-7cc8-3498-a8e6-07cd5225791e
|i 322348f3-aafb-3aec-9aae-48614ce58f9a
|t 0
|
| 952 |
f |
f |
|p ric
|a Texas A&M University
|b Rellis Campus
|c Joint Library Facility
|d Remote Storage
|t 0
|e NA2620 .L58 1967
|f Oversize
|h Library of Congress classification
|i unmediated -- volume
|m A14809496491
|
| 998 |
f |
f |
|a NA2620 .L58 1967
|t 0
|l Remote Storage
|